|
|
|
|
| LEADER |
02555nam a2200697 i 4500 |
| 001 |
nkc20152735674 |
| 003 |
CZ PrNK |
| 005 |
20160426150857.0 |
| 007 |
ta |
| 008 |
151007s2016 xr e f 000 0 cze |
| 015 |
|
|
|a cnb002735674
|
| 020 |
|
|
|a 978-80-242-5130-1
|q (vázáno)
|
| 035 |
|
|
|a (OCoLC)949212222
|
| 040 |
|
|
|a OLA001
|b cze
|e rda
|
| 041 |
1 |
|
|a cze
|h eng
|
| 072 |
|
7 |
|a 159.96
|x Zvláštní duševní stavy a procesy. Hlubinná psychologie
|2 Konspekt
|9 17
|
| 080 |
|
|
|a 159.963.273
|2 MRF
|
| 080 |
|
|
|a 159.952.4/.5
|2 MRF
|
| 080 |
|
|
|a 165.24
|2 MRF
|
| 080 |
|
|
|a 159.923.5
|2 MRF
|
| 080 |
|
|
|a 159.913
|2 MRF
|
| 080 |
|
|
|a 613.86
|2 MRF
|
| 080 |
|
|
|a 17.02
|2 MRF
|
| 080 |
|
|
|a 316.728-021.465
|2 MRF
|
| 080 |
|
|
|a (035)
|2 MRF
|
| 100 |
1 |
|
|a Bays, Jan Chozen,
|d 1945-
|7 ola2016908398
|4 aut
|
| 240 |
1 |
0 |
|a How to train a wild elephant and other adventures in mindfulness.
|l Česky
|
| 245 |
1 |
0 |
|a Jak vycvičit divokého slona :
|b ...a další dobrodružství na cestě bdělosti /
|c Jan Chozen Baysová ; přeložila Olga Kolečková
|
| 246 |
3 |
0 |
|a Jak vycvičit divokého slona a další dobrodružství na cestě bdělosti
|
| 250 |
|
|
|a Vydání první
|
| 264 |
|
1 |
|a Praha :
|b Knižní klub,
|c 2016
|
| 300 |
|
|
|a 257 stran ;
|c 22 cm
|
| 336 |
|
|
|a text
|b txt
|2 rdacontent
|
| 337 |
|
|
|a bez média
|b n
|2 rdamedia
|
| 338 |
|
|
|a svazek
|b nc
|2 rdacarrier
|
| 500 |
|
|
|a Přeloženo z angličtiny
|
| 504 |
|
|
|a Obsahuje bibliografii
|
| 650 |
0 |
7 |
|a bdělost
|7 ph216737
|2 czenas
|
| 650 |
0 |
7 |
|a koncentrace (psychologie)
|7 ph705705
|2 czenas
|
| 650 |
0 |
7 |
|a meditační techniky
|7 ph135741
|2 czenas
|
| 650 |
0 |
7 |
|a sebevýchova
|7 ph125456
|2 czenas
|
| 650 |
0 |
7 |
|a zvládání stresu
|7 ph135858
|2 czenas
|
| 650 |
0 |
7 |
|a duševní zdraví
|7 ph119649
|2 czenas
|
| 650 |
0 |
7 |
|a životní harmonie
|7 ph138147
|2 czenas
|
| 650 |
0 |
7 |
|a kvalita života
|7 ph198739
|2 czenas
|
| 650 |
0 |
9 |
|a wakefulness
|2 eczenas
|
| 650 |
0 |
9 |
|a concentration (psychology)
|2 eczenas
|
| 650 |
0 |
9 |
|a meditation techniques
|2 eczenas
|
| 650 |
0 |
9 |
|a self-culture
|2 eczenas
|
| 650 |
0 |
9 |
|a stress management
|2 eczenas
|
| 650 |
0 |
9 |
|a mental health
|2 eczenas
|
| 650 |
0 |
9 |
|a harmony of life
|2 eczenas
|
| 650 |
0 |
9 |
|a quality of life
|2 eczenas
|
| 655 |
|
7 |
|a příručky
|7 fd133209
|2 czenas
|
| 655 |
|
9 |
|a handbooks and manuals
|2 eczenas
|
| 700 |
1 |
|
|a Kolečková, Olga,
|d 1958-
|7 mzk2003181721
|4 trl
|
| 910 |
2 |
|
|a BOA001
|b 2-1365.374
|
| 928 |
9 |
|
|a Euromedia Group - Knižní klub
|
| 990 |
|
|
|a BK
|
| 995 |
|
|
|a 01
|
| 996 |
6 |
|
|b 2610665899
|c 2-1365.374
|l MZK
|r Sklad / do 1 hodiny
|n 5
|p p.v.
|w 001554620
|u 000010
|a 1
|e BOA001
|j MZK50
|s P
|